Name That Bridge - Statistics

General Stats
  • This quiz has been taken 20 times
  • The average score is 4 of 10
Answer Stats
Picture Answer % Correct
Golden Gate
100%
Brooklyn
75%
Chesapeake Bay
25%
George Washington
25%
Manhattan
25%
Millau Viaduct
25%
Sunshine Skyway
25%
Mackinac
20%
Oakland Bay
20%
Duge Beipanjiang
15%
No matching quizzes found
Score Distribution
Percent of People with Each Score
Percentile by Number Answered
Your Score History
You have not taken this quiz